[Event "IPCA Wch 15th"]
[Site "Bratislava"]
[Date "2015.06.25"]
[Round "8"]
[White "Valenta, Vit"]
[Black "Reznicek, Marcel"]
[Result "1-0"]
[WhiteElo "2164"]
[BlackElo "2076"]
[PlyCount "87"]
[EventDate "2015.06.19"]
[EventType "swiss"]
[EventRounds "9"]
[EventCountry "SVK"]
[SourceTitle "CBM 167 Extra"]
[Source "ChessBase"]
[SourceDate "2015.09.14"]
[SourceVersion "1"]
[SourceVersionDate "2015.09.14"]
[SourceQuality "1"]

1. b4 e5 2. Bb2 Bxb4 3. Bxe5 Nf6 4. Nf3 d5 5. g3 Be7 6. Bg2 Be6 7. 0-0 0-0 8. d3 c5 9. Bb2 Nc6 10. Nbd2 Qd7 11. Re1 Rac8 12. Ng5 h6 13. Nxe6 fxe6 14. Bh3 Nh7 15. Nf3 Bf6 16. Bxf6 Rxf6 17. c4 d4 18. Bg2 Rcf8 19. Rf1 Qf7 20. Qd2 g5 21. h3 Qc7 22. Nh2 Ne5 23. Be4 Qg7 24. Rab1 R6f7 25. Bg2 Nf6 26. e3 g4 27. exd4 cxd4 28. Rbe1 Nf3+ 29. Nxf3 gxf3 30. Bxf3 e5 31. Bg2 Re7 32. Kh2 Kh8 33. Qe2 Rg8 34. Qf3 Rf8 35. Qe2 Rg8 36. Bh1 Qg5 37. Rg1 Rgg7 38. Be4 Nxe4 39. Qxe4 Qf6 40. Rgf1 Qg5 41. Re2 Rgf7 42. Qd5 Kg7 43. Re4 Rf3 44. Rg4 1-0

[Event "IPCA Wch 15th"]
[Site "Bratislava"]
[Date "2015.06.20"]
[Round "2"]
[White "Yarmonov, Igor"]
[Black "Reznicek, Marcel"]
[Result "1-0"]
[WhiteElo "2365"]
[BlackElo "2076"]
[PlyCount "99"]
[EventDate "2015.06.19"]
[EventType "swiss"]
[EventRounds "9"]
[EventCountry "SVK"]
[SourceTitle "CBM 167 Extra"]
[Source "ChessBase"]
[SourceDate "2015.09.14"]
[SourceVersion "1"]
[SourceVersionDate "2015.09.14"]
[SourceQuality "1"]

1. d4 Nf6 2. c4 g6 3. Nc3 d5 4. Bg5 Ne4 5. Bf4 Nxc3 6. bxc3 dxc4 7. e4 Bg7 8. Bxc4 0-0 9. Nf3 c5 10. 0-0 Bg4 11. Rb1 Bxf3 12. Qxf3 Nc6 13. Bd5 e6 14. Bxc6 bxc6 15. dxc5 e5 16. Be3 Qa5 17. Qe2 Qxc3 18. Qa6 Qc2 19. Qxc6 Qxa2 20. Qd5 Qa6 21. Rb7 Rad8 22. Rd7 Rxd7 23. Qxd7 Rc8 24. Rc1 Qc6 25. Qxc6 Rxc6 26. Kf1 f5 27. f3 Bf8 28. Ke2 Kf7 29. Kd3 Ke6 30. Kc4 a6 31. Rb1 Bd6 32. g4 f4 33. Bf2 h6 34. Rb7 Bc7 35. Be1 Bd6 36. Bb4 Bc7 37. Ra7 h5 38. g5 Bd8 39. Rg7 Bxg5 40. Rxg6+ Bf6 41. Be1 Kf7 42. Rh6 Kg7 43. Rxh5 Kg6 44. Rf5 Rc8 45. Bc3 Rh8 46. Bxe5 Bxe5 47. Rxe5 Rh3 48. c6 Rxf3 49. c7 Rf1 50. Rc5 1-0

[Event "Karvina op"]
[Site "Karvina"]
[Date "2014.07.05"]
[Round "8"]
[White "Koci, Tomas"]
[Black "Reznicek, Marcel"]
[Result "0-1"]
[WhiteElo "1708"]
[BlackElo "2082"]
[PlyCount "63"]
[EventDate "2014.06.28"]
[EventType "swiss"]
[EventRounds "9"]
[EventCountry "CZE"]
[SourceTitle "CBM 161 Extra"]
[Source "ChessBase"]
[SourceDate "2014.08.29"]
[SourceVersion "1"]
[SourceVersionDate "2014.08.29"]
[SourceQuality "1"]

1. e4 c5 2. c3 d5 3. exd5 Qxd5 4. d4 e5 5. dxe5 Qxe5+ 6. Qe2 Qxe2+ 7. Bxe2 Bd6 8. Nf3 Nf6 9. 0-0 0-0 10. Rd1 Bc7 11. Be3 b6 12. Na3 Nc6 13. h3 Be6 14. Bc4 Bxc4 15. Nxc4 Rad8 16. Na3 Nd5 17. Nc2 f6 18. c4 Nde7 19. Rd2 Ne5 20. Nxe5 Bxe5 21. Rb1 Rxd2 22. Bxd2 Rd8 23. Be1 Nf5 24. a4 a5 25. g4 Nd4 26. Ne3 Ne2+ 27. Kf1 Nf4 28. h4 Kf7 29. Bc3 Rd3 30. Bxe5 fxe5 31. Ng2 Rh3 32. h5 0-1

[Event "Karvina op"]
[Site "Karvina"]
[Date "2014.07.02"]
[Round "5"]
[White "Siwek, Antonin"]
[Black "Reznicek, Marcel"]
[Result "0-1"]
[WhiteElo "1904"]
[BlackElo "2082"]
[PlyCount "82"]
[EventDate "2014.06.28"]
[EventType "swiss"]
[EventRounds "9"]
[EventCountry "CZE"]
[SourceTitle "CBM 161 Extra"]
[Source "ChessBase"]
[SourceDate "2014.08.29"]
[SourceVersion "1"]
[SourceVersionDate "2014.08.29"]
[SourceQuality "1"]

1. Nf3 g6 2. g3 Bg7 3. Bg2 c5 4. c4 Nc6 5. Nc3 d6 6. 0-0 f5 7. d3 e5 8. a3 Nf6 9. Bg5 h6 10. Bxf6 Bxf6 11. Nd5 g5 12. Nxf6+ Qxf6 13. e3 h5 14. h4 g4 15. Ng5 Bd7 16. Re1 0-0 17. Qd2 Rae8 18. Qc3 Nd8 19. f4 gxf3 20. Bxf3 Bc6 21. Bxc6 bxc6 22. b4 cxb4 23. axb4 Re7 24. Ra2 Rg7 25. Rg2 Ne6 26. Nxe6 Qxe6 27. Ree2 Kh7 28. Kh2 Rfg8 29. Qe1 Rg4 30. Qf2 R8g6 31. Qg1 Qf6 32. Qe1 d5 33. Qc3 Qg7 34. Qe1 dxc4 35. dxc4 Qf7 36. b5 Qxc4 37. bxc6 Rxc6 38. Qa1 Qe4 39. Qxa7+ Rg7 40. Qa3 Rcg6 41. Kh3 Qf3 0-1

[Event "Karvina op"]
[Site "Karvina"]
[Date "2014.06.29"]
[Round "2"]
[White "Chrostek, Lukas"]
[Black "Reznicek, Marcel"]
[Result "0-1"]
[WhiteElo "1814"]
[BlackElo "2082"]
[PlyCount "60"]
[EventDate "2014.06.28"]
[EventType "swiss"]
[EventRounds "9"]
[EventCountry "CZE"]
[SourceTitle "CBM 161 Extra"]
[Source "ChessBase"]
[SourceDate "2014.08.29"]
[SourceVersion "1"]
[SourceVersionDate "2014.08.29"]
[SourceQuality "1"]

1. e4 c5 2. Nc3 g6 3. Bc4 Bg7 4. Nge2 Nc6 5. 0-0 e6 6. d3 Nge7 7. Bg5 0-0 8. a3 f6 9. Bf4 d5 10. exd5 exd5 11. Ba2 a6 12. Ne4 b6 13. N2c3 Kh8 14. Nd6 Be6 15. Nde4 Nd4 16. Ng3 Nec6 17. Nge2 Nf5 18. h3 g5 19. Bh2 Nh4 20. f4 Qd7 21. g3 Nf5 22. Qd2 Nfe7 23. g4 f5 24. fxg5 fxg4 25. h4 Nf5 26. h5 Ncd4 27. Nf4 g3 28. Ng6+ hxg6 29. hxg6 Nh4 30. Bxg3 Ndf3+ 0-1

[Event "Karvina op"]
[Site "Karvina"]
[Date "2014.06.28"]
[Round "1"]
[White "Reznicek, Marcel"]
[Black "Divis, Jan"]
[Result "1-0"]
[WhiteElo "2082"]
[BlackElo "1677"]
[PlyCount "61"]
[EventDate "2014.06.28"]
[EventType "swiss"]
[EventRounds "9"]
[EventCountry "CZE"]
[SourceTitle "CBM 161 Extra"]
[Source "ChessBase"]
[SourceDate "2014.08.29"]
[SourceVersion "1"]
[SourceVersionDate "2014.08.29"]
[SourceQuality "1"]

1. e4 d5 2. e5 Bf5 3. g4 Bg6 4. Bg2 e6 5. d4 c6 6. Ne2 h6 7. Nf4 Bh7 8. h4 Na6 9. Nd2 Be7 10. Nf3 Be4 11. h5 c5 12. c3 cxd4 13. Nxd4 Bxg2 14. Nxg2 Qb6 15. Qa4+ Kd8 16. 0-0 Nc5 17. Qc2 Ne4 18. Be3 Bc5 19. Rad1 Ne7 20. b4 Bxd4 21. Rxd4 Ke8 22. Rxe4 dxe4 23. Bxb6 axb6 24. Qxe4 Nd5 25. c4 Nxb4 26. Qxb7 Rd8 27. Qxb6 Nc2 28. Rb1 Nd4 29. Nf4 g5 30. hxg6 fxg6 31. Nxe6 1-0

[Event "Ostrava Konik op"]
[Site "Ostrava"]
[Date "2014.04.29"]
[Round "4"]
[White "Hajek, Oskar"]
[Black "Reznicek, Marcel"]
[Result "0-1"]
[WhiteElo "1947"]
[BlackElo "2074"]
[PlyCount "84"]
[EventDate "2014.04.26"]
[EventType "swiss"]
[EventRounds "9"]
[EventCountry "CZE"]
[SourceTitle "CBM 160 Extra"]
[Source "ChessBase"]
[SourceDate "2014.07.01"]
[SourceVersion "1"]
[SourceVersionDate "2014.07.01"]
[SourceQuality "1"]

1. d4 Nf6 2. c4 g6 3. Nc3 d5 4. cxd5 Nxd5 5. e4 Nxc3 6. bxc3 Bg7 7. Nf3 c5 8. Rb1 0-0 9. Be2 cxd4 10. cxd4 Qa5+ 11. Bd2 Qxa2 12. 0-0 Qe6 13. Re1 Qxe4 14. Rb3 Qd5 15. Bd3 Nc6 16. Rb5 Qd8 17. d5 a6 18. Rc5 Nd4 19. Rc4 Bg4 20. Be4 Bxf3 21. Bxf3 b5 22. Rc1 Nxf3+ 23. Qxf3 Qd7 24. Bb4 Rfe8 25. d6 exd6 26. Red1 Be5 27. Rc5 Rac8 28. Rcd5 Rc4 29. Qa3 Rc6 30. g3 g5 31. Qe3 f6 32. Qa3 Re6 33. h4 h6 34. h5 f5 35. Qd3 f4 36. Rxe5 Rxe5 37. Qg6+ Qg7 38. Qd3 fxg3 39. fxg3 Qa7+ 40. Kg2 Qf7 41. Bc3 Rxc3 42. Qxc3 Re2+ 0-1

[Event "Karvina op"]
[Site "Karvina"]
[Date "2013.07.05"]
[Round "7"]
[White "Reznicek, Marcel"]
[Black "Tylecek, Drahomir"]
[Result "0-1"]
[WhiteElo "2112"]
[BlackElo "1921"]
[PlyCount "78"]
[EventDate "2013.06.29"]
[EventType "swiss"]
[EventRounds "9"]
[EventCountry "CZE"]
[SourceTitle "CBM 155 Extra"]
[Source "ChessBase"]
[SourceDate "2013.08.26"]
[SourceVersion "1"]
[SourceVersionDate "2013.08.26"]
[SourceQuality "1"]

1. e4 e5 2. Nf3 Nc6 3. c3 d5 4. Qa4 Bd7 5. exd5 Nd4 6. Qd1 Nxf3+ 7. Qxf3 Nf6 8. c4 Bc5 9. h3 e4 10. Qd1 c6 11. dxc6 Bxc6 12. Nc3 0-0 13. b3 Qb6 14. Qe2 a5 15. Nb5 a4 16. Bb2 axb3 17. a4 Bxb5 18. cxb5 Bd4 19. Bc3 b2 20. Rb1 Rxa4 21. Kd1 Nd5 22. Qxe4 Nxc3+ 23. dxc3 Rd8 24. Bd3 Bxc3 25. Qxa4 Rxd3+ 26. Kc2 Qg6 27. Rhe1 Re3+ 28. Kb3 Qe6+ 29. Kc2 Qf5+ 30. Kb3 Qd5+ 31. Ka3 Qc5+ 32. Ka2 Rxe1 33. Rxe1 Bxe1 34. Qa8+ Qf8 35. Qxb7 g6 36. Qc6 Qb4 37. Kb1 Bc3 38. b6 Qa3 39. Kc2 b1Q+ 0-1